Ratanlal & Dhirajlal The Code of Criminal Procedure (Record no. 20034)

MARC details
000 -LEADER
fixed length control field 00383nam a22001457a 4500
008 - FIXED-LENGTH DATA ELEMENTS--GENERAL INFORMATION
fixed length control field 230523b |||||||| |||| 00| 0 eng d
020 ## - INTERNATIONAL STANDARD BOOK NUMBER
ISBN 9789388548854
100 ## - MAIN ENTRY--AUTHOR NAME
Personal name K. Kannan & Anjana Prakash
245 ## - TITLE STATEMENT
Title Ratanlal & Dhirajlal The Code of Criminal Procedure
250 ## - EDITION STATEMENT
Edition statement 23rd Ed.
260 ## - PUBLICATION, DISTRIBUTION, ETC. (IMPRINT)
Place of publication Haryana
Name of publisher LN Pub.
Year of publication 2022
300 ## - PHYSICAL DESCRIPTION
Number of Pages 1129
546 ## - LANGUAGE NOTE
Language note English
942 ## - ADDED ENTRY ELEMENTS (KOHA)
Source of classification or shelving scheme Dewey Decimal Classification
Koha item type Books
Holdings
Accession Number Cost, normal purchase price Bill Date Source of acquisition Price effective from Koha item type Withdrawn / writtenoff status Damaged status Not for loan Permanent Location Current Location Shelving location Date acquired Lost/ Missing status department
LLB 586 1095.00 11-05-2023 ABD Publisher, Jammu 05/23/2023 Books       MIET Library, Jammu MIET Library, Jammu 177/5 05/15/2023   BBA LLB
LLB 587 1095.00 11-05-2023 ABD Publisher, Jammu 05/23/2023 Books       MIET Library, Jammu MIET Library, Jammu 177/5 05/15/2023   BBA LLB
LLB 588 1095.00 11-05-2023 ABD Publisher, Jammu 05/23/2023 Books       MIET Library, Jammu MIET Library, Jammu 177/5 05/15/2023   BBA LLB
LLB 589 1095.00 11-05-2023 ABD Publisher, Jammu 05/23/2023 Books       MIET Library, Jammu MIET Library, Jammu 177/5 05/15/2023   BBA LLB
LLB 590 1095.00 11-05-2023 ABD Publisher, Jammu 05/23/2023 Books       MIET Library, Jammu MIET Library, Jammu 177/5 05/15/2023   BBA LLB
LLb 938 1095.00 24-5-2023 ABD Jammu. 05/31/2023 Books       MIET Library, Jammu MIET Library, Jammu 177/5 05/26/2023   BBA LLB
LLb 939 1095.00 24-5-2023 ABD Jammu. 05/31/2023 Books       MIET Library, Jammu MIET Library, Jammu 177/5 05/26/2023   BBA LLB
LLb 940 1095.00 24-5-2023 ABD Jammu. 05/31/2023 Books       MIET Library, Jammu MIET Library, Jammu 177/5 05/26/2023   BBA LLB
LLb 941 1095.00 24-5-2023 ABD Jammu. 05/31/2023 Books       MIET Library, Jammu MIET Library, Jammu 177/5 05/26/2023   BBA LLB
LLb 942 1095.00 24-5-2023 ABD Jammu. 05/31/2023 Books       MIET Library, Jammu MIET Library, Jammu 177/5 05/26/2023   BBA LLB